000 00815cam a22002773a 4500
001 11217
003 PGUSA
005 20140828083234.0
008 040201s2004||||xxu|||||s|||||000 1 eng d
040 _aPGUSA
_beng
042 _adc
050 4 _aPS
100 1 _aGlaspell, Susan,
_d1876-1948
245 1 4 _aThe Visioning :
_bA Novel
_h[electronic resource] /
_cSusan Glaspell
260 _bProject Gutenberg,
_c2004
506 _aPublic domain in the USA.
516 _aElectronic text
653 _aYoung women -- Fiction
653 _aSocialism -- Fiction
653 _aMilitary bases -- United States -- Fiction
653 _aMilitary deserters -- Fiction
653 _aMiddle West -- Fiction
830 0 _aProject Gutenberg
_v11217
856 4 0 _uhttp://www.gutenberg.org/ebooks/11217
942 _cEB
999 _c240472
_d240472